| 000 | 00933nam a22002777a 4500 | ||
|---|---|---|---|
| 003 | dpl | ||
| 005 | 20180606162805.0 | ||
| 008 | 180606b xxu||||| |||| 00| 0 eng d | ||
| 010 | _aA-994020 | ||
| 020 |
_a9788120722200 _c250.00 |
||
| 035 | _aA-994020, A-994024 | ||
| 037 | _bCen Lib/Ret | ||
| 040 |
_adpl _bEN _c0 |
||
| 082 | _a615.852 | ||
| 100 |
_aSui, Chao Kok _9104382 |
||
| 245 |
_aThe ancient science and art of pranic crystal healing / _cby Chao Kok Sui |
||
| 260 |
_aNew Delhi _bStering Publishers _c2000 |
||
| 270 |
_aL-10,Geen Park extention _bNew Delhi _e110016 |
||
| 300 |
_a166p. : _c20cm(pbk) _bill. |
||
| 500 | _aIncludes index | ||
| 650 |
_aCrystal healing- Science _9104383 |
||
| 650 |
_aPsychotherapy _934846 |
||
| 650 |
_aक्रिस्टल हिलीग- विज्ञान _91531 |
||
| 650 |
_a मनोचिकित्सा _9104384 |
||
| 942 |
_2ddc _cEN _h615.852 _mSUI |
||
| 999 |
_c122471 _d122471 |
||